| 000 | 00607nam a2200205 a 4500 | ||
|---|---|---|---|
| 005 | 20210223121009.0 | ||
| 008 | 991125s1988 mx 000 0 spa u | ||
| 020 | _a9684264542 | ||
| 035 | _aUPN01000010491 | ||
| 049 | _aCG | ||
| 050 | 4 |
_aHF5549.5 T7 _bC3 no.10 |
|
| 100 | 1 |
_aRodríguez Estrada, Mauro, _d1930-2007 |
|
| 245 | 1 | 0 |
_aComunicación y superación personal / _cMauro Rodríguez Estrada. |
| 250 | _a2a ed. | ||
| 260 |
_aMéxico : _bManual Moderno, _c1988. |
||
| 300 | _a109 p. | ||
| 440 | 0 |
_aCapacitación integral ; _v10 |
|
| 650 | 4 |
_aCOMUNICACION EN LA ADMINISTRACION _98116 |
|
| 905 | _aLibro | ||
| 999 |
_c10491 _d10491 |
||